Con eÑe/ (Record no. 3978)

MARC details
000 -LEADER
campo de control de longitud fija 01389nam a22003857a 4500
003 - IDENTIFICADOR DE NÚMERO DE CONTROL
campo de control OSt
005 - FECHA Y HORA DE LA ÚLTIMA TRANSACCIÓN
campo de control 20230706084715.0
008 - DATOS DE LONGITUD FIJA--INFORMACIÓN GENERAL
campo de control de longitud fija 170318s2016 gt||||| |||| 00| 0 spa d
040 ## - FUENTE DE CATALOGACIÓN
Centro/agencia transcriptor Lado V
082 04 - NÚMERO DE LA CLASIFICACIÓN DECIMAL DEWEY
Número de clasificación 306.4
Número de ítem R741c
100 ## - ENTRADA PRINCIPAL--NOMBRE DE PERSONA
Nombre de persona Rojas Mix, Miguel
9 (RLIN) 863
Término indicativo de función/relación director
245 10 - MENCIÓN DEL TÍTULO
Título Con eÑe/
Resto del título Revista de Cultura Hispanoamericana/
260 ## - PUBLICACIÓN, DISTRIBUCIÓN, ETC.
Nombre del editor, distribuidor, etc. CEXECI
Fecha de publicación, distribución, etc. 1997
300 ## - DESCRIPCIÓN FÍSICA
Extensión 50p.
Dimensiones 21x29cm
490 ## - MENCIÓN DE SERIE
Mención de serie 0
Designación de volumen o secuencia 1997
505 ## - NOTA DE CONTENIDO CON FORMATO
Nota de contenido con formato Presentación
505 ## - NOTA DE CONTENIDO CON FORMATO
Nota de contenido con formato Arte latinoamericano o arte en America Latina
505 ## - NOTA DE CONTENIDO CON FORMATO
Nota de contenido con formato Arte latinoamericano en el MEIAC de Badajoz
505 ## - NOTA DE CONTENIDO CON FORMATO
Nota de contenido con formato Nota o incitación para conocer el mapa
505 ## - NOTA DE CONTENIDO CON FORMATO
Nota de contenido con formato Ventana Abierta sobre Iberoamérica
505 ## - NOTA DE CONTENIDO CON FORMATO
Nota de contenido con formato Mesótica II / Centroamerica
505 ## - NOTA DE CONTENIDO CON FORMATO
Nota de contenido con formato Entrevista en Julio Le Parc
505 ## - NOTA DE CONTENIDO CON FORMATO
Nota de contenido con formato Aproximaciones a una diversidad
505 ## - NOTA DE CONTENIDO CON FORMATO
Nota de contenido con formato Arte Cubano actual
505 ## - NOTA DE CONTENIDO CON FORMATO
Nota de contenido con formato Chile: Artistas de los años 80/90
505 ## - NOTA DE CONTENIDO CON FORMATO
Nota de contenido con formato El arte en Colombia hoy
650 ## - PUNTO DE ACCESO ADICIONAL DE MATERIA--TÉRMINO DE MATERIA
Fuente del encabezamiento o término Tesauro de Arte & Arquitectura
Término de materia o nombre geográfico como elemento de entrada POLITICA
650 ## - PUNTO DE ACCESO ADICIONAL DE MATERIA--TÉRMINO DE MATERIA
Fuente del encabezamiento o término Tesauro de Arte & Arquitectura
Término de materia o nombre geográfico como elemento de entrada CULTURA
650 ## - PUNTO DE ACCESO ADICIONAL DE MATERIA--TÉRMINO DE MATERIA
Fuente del encabezamiento o término Tesauro de Arte & Arquitectura
Término de materia o nombre geográfico como elemento de entrada LITERATURA
650 ## - PUNTO DE ACCESO ADICIONAL DE MATERIA--TÉRMINO DE MATERIA
Fuente del encabezamiento o término Tesauro de Arte & Arquitectura
Término de materia o nombre geográfico como elemento de entrada FILOSOFIA
650 ## - PUNTO DE ACCESO ADICIONAL DE MATERIA--TÉRMINO DE MATERIA
Fuente del encabezamiento o término Tesauro de Arte & Arquitectura
Término de materia o nombre geográfico como elemento de entrada CRITICA
651 ## - PUNTO DE ACCESO ADICIONAL DE MATERIA--NOMBRE GEOGRÁFICO
Fuente del encabezamiento o término Tesauro de Arte & Arquitectura
Nombre geográfico HISPANOAMERICA
700 1# - ENTRADA AGREGADA--NOMBRE PERSONAL
Nombre de persona Svankmajer.
Término indicativo de función/relación ilustrador.
9 (RLIN) 5749
942 ## - ELEMENTOS DE ENTRADA SECUNDARIOS (KOHA)
Fuente del sistema de clasificación o colocación Clasificación Decimal Dewey
Tipo de ítem Koha Libros
Parte de la signatura que corresponde a la clasificación (Parte de la clasificación) 306.4
Parte de la signatura que identifica el ejemplar (Parte del ítem) R741c
Suprimir en OPAC No
Holdings
Estatus retirado Estado de pérdida Fuente del sistema de clasificación o colocación Especificación de materiales (volumen encuadernado u otra parte) Estado de daño No para préstamo Colección Biblioteca de origen Biblioteca actual Fecha de adquisición Enumeración/cronología de publicación seriada Número de inventario Total de préstamos Signatura topográfica completa Código de barras Visto por última vez Precio de reemplazo Tipo de ítem Koha
    Clasificación Decimal Dewey 1997     Revistas Biblioteca LadoV Biblioteca LadoV 06/07/2023   003179   306.4 R741c 003179 06/07/2023 06/07/2023 Libros